Qui sont ces personnalités ? - Statistiques

Statistiques générales
  • Ce quiz a été pris 70 fois
  • Le résultat moyen est 5 sur 16
Statistiques - réponses
Par images Réponse % Correct
Bernard Arnault
68%
Gotaga
63%
Marie José Pérec
51%
Benoit Saint Denis
50%
Roschdy Zem
41%
Laure Boulleau
37%
Nana Mouskouri
35%
Kate Moss
32%
Bruce Springsteen
31%
Michel Rocard
25%
Sandrine Bonnaire
21%
Marcello Mastroianni
19%
Olivier Rouyer
16%
Adriana Lima
10%
Franck Thiliez
3%
Le Greco
3%
Aucun quiz correspondant
Distribution des résultats
% des personnes avec chaque résultat
Percentile par nombre de réponses
Votre historique - résultats
Vous n’avez pas pris ce quiz